000 00221 a2200097 4500
001 46140
100 _aVenaleles P F R
245 _aTechnical Education
260 _aLondon
_bG Bell & Sons Ltd
_c
090 _c29243
_d29243
942 _aNUST-CAE
_cM
_c21384
999 _c281213
_d281213